MARC

LEADER 00000nam0a2200000 4500
001 92280
005 20231101213823.0
035 |a (RuTPU)RU\TPU\book\98882 
090 |a 92280 
100 |a 20060310d1975 m y0rusy50 ca 
101 0 |a rus 
102 |a RU 
105 |a y z 000zy 
200 1 |a Физика и мировоззрение  |f В. Г. Иванов  |g Академия Наук СССР 
210 |a Ленинград  |c Наука  |d 1975 
215 |a 118 с. 
606 |a Физика  |x Философские проблемы  |2 stltpush  |3 (RuTPU)RU\TPU\subj\63714  |9 80692 
610 1 |a философские проблемы 
610 1 |a мировоззрение 
610 1 |a сущность 
610 1 |a функции 
610 1 |a естествознание 
675 |a 53:1  |v 3 
700 1 |a Иванов  |b В. Г.  |g Вячеслав Григорьевич 
712 0 2 |a Академия Наук СССР  |2 stltpush  |3 (RuTPU)RU\TPU\col\722 
801 1 |a RU  |b 63413507  |c 20060310  |g PSBO 
801 2 |a RU  |b 63413507  |c 20200723  |g PSBO 
942 |c BK